000 00500nam a2200193Ia 4500
005 20250704152747.0
008 008 250516s9999 xx 000 0 eng d
020 _a9781266135170
040 _beng
_cSDCL
041 _aeng
_2eng
084 _aG:6 R4
100 _aBrooker, Robert J.
245 0 _aGenetics :
_bAnalysis and principles
250 _a8th ed.
260 _aNew York :
_bMcGraw-Hill Education,
_c2024.
300 _axviii, 802p.
650 _aGeneralia
942 _cTEXL
_2CC
999 _c1430617
_d1430617